[Event "Chip2004 - Open A"]
[Site "Paris"]
[Date "2004.07.04"]
[Round "2"]
[White "Appleberry, Martin"]
[Black "Mahe, Frederic"]
[Result "1-0"]
[WhiteElo "2250"]
[BlackElo "2030"]
[PlyCount "137"]
[EventDate "2004.07.03"]
[SourceDate "2004.07.04"]

1. Nf3 c5 2. g3 b6 3. Bg2 Bb7 4. O-O Nf6 5. c4 e6 6. Nc3 a6 7. b3 Qc7 8. Bb2 d6
9. e3 Be7 10. Rc1 O-O 11. Qe2 Nbd7 12. d4 Rfe8 13. Rfd1 Ne4 14. Nxe4 Bxe4 15.
Ne1 Bxg2 16. Kxg2 Qb7+ 17. Qf3 Qxf3+ 18. Nxf3 b5 19. dxc5 Nxc5 20. Ba3 bxc4 21.
Bxc5 dxc5 22. Rxc4 Red8 23. Rxd8+ Rxd8 24. Ra4 Rd6 25. Ra5 Rb6 26. Ne5 f5 27.
Nd7 Rc6 28. Nb8 Rc8 29. Nxa6 c4 30. bxc4 Rxc4 31. Nb8 Bd6 32. Nd7 Rc7 33. Nb6
Kf7 34. Ra4 Rb7 35. Nc4 Bb8 36. a3 Kf6 37. f3 Bc7 38. Rb4 Ra7 39. a4 Ke7 40. e4
Kd7 41. Nb2 Ra5 42. Nd3 g5 43. Rc4 Bb6 44. h3 h5 45. Kf1 Kd6 46. Ke2 Bg1 47.
Kf1 Bb6 48. Nb2 Rc5 49. Ke2 Ra5 50. Rb4 Bg1 51. Kd3 Kc6 52. Nc4 fxe4+ 53. fxe4
Rc5 54. Rb8 Kc7 55. Rh8 g4 56. hxg4 hxg4 57. Rg8 Rc6 58. Rxg4 Ra6 59. a5 Bf2
60. Rg6 Kd7 61. g4 Be1 62. Rg5 Ke7 63. Rb5 Kf6 64. g5+ Kg6 65. Rb6 Ra8 66.
Rxe6+ Kxg5 67. a6 Bb4 68. Ne3 Bc5 69. Re5+ 1-0

[Event "Chip2004 - Open A"]
[Site "Paris"]
[Date "2004.07.04"]
[Round "2"]
[White "Pourrahnama"]
[Black "Jablonski, Noham"]
[Result "0-1"]
[WhiteElo "2037"]
[BlackElo "2249"]
[PlyCount "76"]
[EventDate "2004.07.03"]
[SourceDate "2004.07.04"]

1. d4 d5 2. c4 e6 3. Nc3 Bb4 4. cxd5 exd5 5. e3 Nf6 6. a3 Bd6 7. Bd3 O-O 8.
Nge2 c6 9. O-O Ng4 10. g3 Re8 11. e4 dxe4 12. Nxe4 Be7 13. f3 Nf6 14. Be3 Nd5
15. Bf2 Nd7 16. N2c3 Nf8 17. Qc2 Bh3 18. Rfe1 h5 19. Rad1 Ne6 20. Bf1 Bxf1 21.
Kxf1 Qd7 22. Kg2 h4 23. Nc5 Bxc5 24. dxc5 Ng5 25. g4 Nf4+ 26. Kh1 Rxe1+ 27.
Bxe1 Qe6 28. Bxh4 Nxf3 29. Bg3 Ng6 30. Qe4 Qxe4 31. Nxe4 Re8 32. Nd6 Re2 33.
Nxb7 Rxb2 34. Nd8 Nge5 35. h3 Rc2 36. Nb7 Nc4 37. Rf1 Ncd2 38. Rd1 Ne4 0-1

[Event "Chip2004 - Open A"]
[Site "Paris"]
[Date "2004.07.04"]
[Round "2"]
[White "Lewis, John"]
[Black "Peric, Slavisha"]
[Result "0-1"]
[WhiteElo "2036"]
[BlackElo "2246"]
[PlyCount "92"]
[EventDate "2004.07.03"]
[SourceDate "2004.07.04"]

1. d4 d5 2. c4 c6 3. Nf3 Nf6 4. e3 Bg4 5. h3 Bh5 6. Nc3 e6 7. g4 Bg6 8. Ne5
Nfd7 9. Nxg6 hxg6 10. e4 dxe4 11. Nxe4 Nf6 12. Bg2 Nxe4 13. Bxe4 Bb4+ 14. Kf1
Nd7 15. Qa4 Be7 16. d5 Nc5 17. Qc2 Nxe4 18. Qxe4 cxd5 19. cxd5 Qxd5 20. Qxd5
exd5 21. Be3 b6 22. Rd1 Rd8 23. Kg2 O-O 24. h4 Bf6 25. Bd4 Rfe8 26. Kf3 Re6 27.
g5 Bxd4 28. Rxd4 Rc6 29. Rhd1 Rc2 30. b4 Rxa2 31. Rxd5 Rxd5 32. Rxd5 Ra3+ 33.
Ke4 Ra4 34. Rd8+ Kh7 35. Rd4 f6 36. Kd5 a5 37. bxa5 Rxd4+ 38. Kxd4 bxa5 39. Kc4
Kg8 40. Kb5 Kf7 41. Kxa5 Ke6 42. Kb5 Kf5 43. gxf6 gxf6 44. Kc4 Kg4 45. Kd4 Kxh4
46. Ke4 Kg4 0-1

[Event "Chip2004 - Open A"]
[Site "Paris"]
[Date "2004.07.05"]
[Round "3"]
[White "Roumegous, Etienne"]
[Black "Draoui, Najib"]
[Result "0-1"]
[WhiteElo "2117"]
[BlackElo "2299"]
[PlyCount "50"]
[EventDate "2004.07.03"]
[SourceDate "2004.07.04"]

1. d4 d5 2. c4 c6 3. Nf3 Nf6 4. Nc3 a6 5. cxd5 cxd5 6. Bf4 Nc6 7. e3 Bg4 8. Bd3
e6 9. O-O Bd6 10. Bxd6 Qxd6 11. Re1 O-O 12. Qb3 Rfe8 13. Rac1 b5 14. a3 Rac8
15. Qa2 Bh5 16. b4 Bxf3 17. gxf3 e5 18. dxe5 Nxe5 19. Be2 d4 20. Red1 Qc6 21.
Rxd4 Nxf3+ 22. Bxf3 Qxf3 23. Rf4 Qh3 24. Qe2 Nd5 25. Rf3 Nxc3 0-1

[Event "Chip2004 - Open A"]
[Site "Paris"]
[Date "2004.07.05"]
[Round "3"]
[White "Voicu, Carmen"]
[Black "Deflesselle, Tanguy"]
[Result "1-0"]
[WhiteElo "2289"]
[BlackElo "2111"]
[PlyCount "70"]
[EventDate "2004.07.03"]
[SourceDate "2004.07.04"]

1. e4 c5 2. Nf3 Nc6 3. d4 cxd4 4. Nxd4 Nf6 5. Nc3 e5 6. Ndb5 d6 7. Bg5 a6 8.
Na3 b5 9. Nd5 Be7 10. Bxf6 Bxf6 11. c3 O-O 12. Nc2 Rb8 13. h4 Be6 14. Nxf6+
Qxf6 15. Qxd6 Rbc8 16. Qd2 h6 17. Ne3 Qf4 18. Bd3 Rfd8 19. Qe2 b4 20. g3 Qf6
21. Bxa6 bxc3 22. bxc3 Rc7 23. O-O Nb8 24. Rfd1 Rxc3 25. Bb7 Nc6 26. Bxc6 Rxc6
27. Kg2 Rdc8 28. a4 Bc4 29. Qb2 Rb6 30. Qd2 Qg6 31. Nf5 Qe6 32. a5 Ra6 33. Qb4
Rcc6 34. Rd2 Kh7 35. Qf8 Rc8 1-0

[Event "Chip2004 - Open A"]
[Site "Paris"]
[Date "2004.07.05"]
[Round "3"]
[White "Vallepin, Cedric"]
[Black "Battaglini, Gabriel"]
[Result "1/2-1/2"]
[WhiteElo "2100"]
[BlackElo "2283"]
[PlyCount "114"]
[EventDate "2004.07.03"]
[SourceDate "2004.07.04"]

1. d4 Nf6 2. c4 g6 3. Nc3 Bg7 4. e4 d6 5. f4 O-O 6. Nf3 c5 7. d5 e6 8. Be2 exd5
9. cxd5 Bg4 10. O-O Re8 11. h3 Bxf3 12. Bxf3 a6 13. a4 Nbd7 14. Re1 Qa5 15. Be3
Nb6 16. Re2 Nc4 17. Bf2 Nxb2 18. Rxb2 Qxc3 19. Rb3 Qa5 20. e5 dxe5 21. fxe5
Rxe5 22. Rxb7 Ne4 23. Bxe4 Rxe4 24. Qf3 f5 25. Rd1 Qxa4 26. Bxc5 Rae8 27. Rbb1
Rf4 28. Qd3 Qc4 29. Qxc4 Rxc4 30. Bf2 Re7 31. Rb6 a5 32. Rc6 Rxc6 33. dxc6 Be5
34. Bb6 Bc7 35. Bxc7 Rxc7 36. Ra1 Rxc6 37. Rxa5 h5 38. Ra7 h4 39. Kf2 g5 40.
Ke3 Rf6 41. Kd4 Rf7 42. Ra8+ Kg7 43. Ke5 f4 44. Ke4 Kg6 45. Rg8+ Kf6 46. Re8
Rb7 47. Rf8+ Kg7 48. Rc8 Rb2 49. Kf3 Rb3+ 50. Kf2 Rg3 51. Rc6 f3 52. gxf3 Rxh3
53. Kg2 Rg3+ 54. Kf2 g4 55. fxg4 Rxg4 56. Kf3 Rg3+ 57. Kf2 Rg5 1/2-1/2

[Event "Chip2004 - Open A"]
[Site "Paris"]
[Date "2004.07.05"]
[Round "3"]
[White "Annenkov, A."]
[Black "Maleki, Nicolas"]
[Result "1-0"]
[WhiteElo "2271"]
[BlackElo "2105"]
[PlyCount "67"]
[EventDate "2004.07.03"]
[SourceDate "2004.07.04"]

1. d4 d5 2. c4 c6 3. Nc3 Nf6 4. Nf3 dxc4 5. e4 b5 6. e5 Nd5 7. a4 b4 8. Ne4 Bf5
9. Ng3 Bg6 10. e6 fxe6 11. Bxc4 Nd7 12. O-O h6 13. Bd3 Bf7 14. Re1 Qc7 15. Bd2
g5 16. Rc1 Bg7 17. Qc2 g4 18. Ne5 Nxe5 19. dxe5 h5 20. Bg6 h4 21. Nh5 Rxh5 22.
Bxh5 Bxh5 23. Qh7 Kd7 24. Qxg7 h3 25. Qh7 Be8 26. Red1 a5 27. Bg5 Kc8 28. Qg8
Kb7 29. Qxe6 Bd7 30. Qf7 Qb6 31. Bxe7 g3 32. hxg3 hxg2 33. Bh4 Qa6 34. Qxd7+
1-0

[Event "Chip2004 - Open A"]
[Site "Paris"]
[Date "2004.07.05"]
[Round "3"]
[White "Lafaurie, Pierre"]
[Black "Nguyen, Thanh-Tongh"]
[Result "1/2-1/2"]
[WhiteElo "2086"]
[BlackElo "2255"]
[PlyCount "60"]
[EventDate "2004.07.03"]
[SourceDate "2004.07.04"]

1. d4 Nf6 2. c4 e6 3. g3 d5 4. Bg2 c6 5. Qc2 Nbd7 6. Nf3 Bd6 7. O-O O-O 8. Nbd2
Qe7 9. Re1 c5 10. e4 dxe4 11. Nxe4 Nxe4 12. Qxe4 Nf6 13. Qh4 cxd4 14. Nxd4 Bb4
15. Re2 Qd8 16. Bg5 Be7 17. Rd2 Qa5 18. Nb5 h6 19. Be3 Nd5 20. Qe4 Nxe3 21.
Qxe3 Bg5 22. f4 Bf6 23. Nd6 Qc7 24. Rad1 Rb8 25. c5 Be7 26. b4 a6 27. a3 Rd8
28. Qe5 Bf6 29. Qe4 a5 30. h4 b5 1/2-1/2

[Event "Chip2004 - Open A"]
[Site "Paris"]
[Date "2004.07.05"]
[Round "3"]
[White "Herve, P."]
[Black "Appleberry, Martin"]
[Result "0-1"]
[WhiteElo "2083"]
[BlackElo "2250"]
[PlyCount "36"]
[EventDate "2004.07.03"]
[SourceDate "2004.07.04"]

1. e4 c5 2. c4 Nc6 3. g3 g6 4. Bg2 Bg7 5. Ne2 a6 6. Nbc3 Rb8 7. d3 d6 8. O-O b5
9. f4 Bd7 10. f5 Nf6 11. Rb1 Ne5 12. cxb5 axb5 13. d4 cxd4 14. Nxd4 b4 15. Nce2
Qa5 16. Nb3 Qb6+ 17. Kh1 Bb5 18. Qd4 Bxe2 0-1

[Event "Chip2004 - Open A"]
[Site "Paris"]
[Date "2004.07.05"]
[Round "3"]
[White "Jablonski, Noham"]
[Black "Pozdniakov, Vladimir"]
[Result "1-0"]
[WhiteElo "2249"]
[BlackElo "2087"]
[PlyCount "51"]
[EventDate "2004.07.03"]
[SourceDate "2004.07.04"]

1. e4 e6 2. Qe2 c5 3. Nf3 Nc6 4. g3 Be7 5. Bg2 d6 6. O-O a6 7. c3 Bf6 8. d3 Bd7
9. Be3 g5 10. Nbd2 Qe7 11. Nc4 h5 12. Rad1 g4 13. Ne1 Ne5 14. Nb6 Rd8 15. Nxd7
Nxd7 16. d4 Bg5 17. f4 gxf3 18. Nxf3 Bxe3+ 19. Qxe3 Ngf6 20. e5 Ng4 21. Qf4 Nb6
22. exd6 Qxd6 23. Ne5 Nh6 24. Bxb7 Nf5 25. Bc6+ Kf8 26. d5 1-0

[Event "Chip2004 - Open A"]
[Site "Paris"]
[Date "2004.07.05"]
[Round "3"]
[White "Peric, Slavisha"]
[Black "Dugauguez, Eric"]
[Result "1-0"]
[WhiteElo "2246"]
[BlackElo "2030"]
[PlyCount "91"]
[EventDate "2004.07.03"]
[SourceDate "2004.07.04"]

1. d4 Nf6 2. Nf3 e6 3. e3 b6 4. Bd3 Bb7 5. O-O d5 6. Nbd2 Bd6 7. b3 O-O 8. Bb2
Nbd7 9. Ne5 c5 10. f4 Qc7 11. Rc1 a6 12. a4 Rfe8 13. Qe2 Qd8 14. Qf3 Qe7 15. g4
Rf8 16. g5 Bxe5 17. dxe5 Ne8 18. Qh5 g6 19. Qh6 Ng7 20. Rf3 Rfd8 21. Rh3 Nf8
22. Qh4 c4 23. Be2 Rac8 24. Nb1 b5 25. bxc4 dxc4 26. c3 Nf5 27. Qf2 Be4 28. Ba3
Qe8 29. Bg4 Bxb1 30. Rxb1 Rd3 31. e4 Ng7 32. Rxd3 cxd3 33. axb5 axb5 34. Qd4
Qd7 35. Bd6 Rc4 36. Qxd3 Qa7+ 37. Kf1 Nd7 38. Bb4 Qb7 39. Bf3 Nh5 40. Rd1 Rc7
41. Ba5 Nxf4 42. Qd2 Nh3 43. Bxc7 Qxc7 44. Qxd7 Qxe5 45. Qd8+ Kg7 46. Qf6+ 1-0

[Event "Chip2004 - Open A"]
[Site "Paris"]
[Date "2004.07.05"]
[Round "3"]
[White "Hedjazian, K."]
[Black "Sanchez, Louis"]
[Result "1-0"]
[WhiteElo "2080"]
[BlackElo "2235"]
[PlyCount "68"]
[EventDate "2004.07.03"]
[SourceDate "2004.07.04"]

1. d4 c5 2. d5 e5 3. c4 d6 4. Nc3 Be7 5. e4 Bg5 6. Bxg5 Qxg5 7. g3 a6 8. Bg2
Qd8 9. a4 Ne7 10. Nge2 O-O 11. O-O Nd7 12. Qd2 Qe8 13. f4 exf4 14. gxf4 f5 15.
e5 dxe5 16. d6 Nc6 17. Nd5 Rb8 18. Nc7 Qg6 19. fxe5 Ndxe5 20. Nf4 Qh6 21. Qd5+
Kh8 22. Qxc5 Rd8 23. Rad1 b6 24. Qa3 Bb7 25. c5 bxc5 26. Nfe6 Nd4 27. Rxd4 Bxg2
28. Kxg2 cxd4 29. Nxd8 Qd2+ 30. Kh1 Rxd8 31. Qg3 Qd3 32. Qxd3 Nxd3 33. Rxf5 g6
34. Rd5 34... Nxb2 {Suite Illisible
} 1-0

[Event "Chip2004 - Open FIDE"]
[Site "Paris"]
[Date "2004.07.05"]
[Round "3"]
[White "Pert, Nicholas"]
[Black "Baklan, Vladimir"]
[Result "1/2-1/2"]
[WhiteElo "2493"]
[BlackElo "2595"]
[PlyCount "26"]
[EventDate "2004.07.03"]
[SourceDate "2004.07.04"]

1. d4 Nf6 2. Nf3 e6 3. c4 Bb4+ 4. Bd2 a5 5. Nc3 b6 6. Bg5 Bb7 7. e3 h6 8. Bh4
d6 9. Qc2 a4 10. a3 Bxc3+ 11. bxc3 Nbd7 12. Nd2 O-O 13. f3 e5 1/2-1/2

[Event "Chip2004 - Open FIDE"]
[Site "Paris"]
[Date "2004.07.05"]
[Round "3"]
[White "Bagheri, Amir"]
[Black "Socko, Bartosz"]
[Result "0-1"]
[WhiteElo "2491"]
[BlackElo "2554"]
[PlyCount "81"]
[EventDate "2004.07.03"]
[SourceDate "2004.07.04"]

1. d4 Nf6 2. c4 g6 3. Nc3 Bg7 4. Bg5 h6 5. Bh4 d6 6. e3 Bd7 7. Be2 c5 8. Nf3 g5
9. Bg3 Nh5 10. dxc5 Nxg3 11. hxg3 dxc5 12. Qc2 Qa5 13. O-O Nc6 14. Rfd1 Bxc3
15. bxc3 O-O-O 16. Nd2 Qc7 17. a4 Na5 18. Bf3 g4 19. Be4 e6 20. Bd3 h5 21. e4
h4 22. Nf1 Nc6 23. Be2 Ne5 24. a5 hxg3 25. fxg3 Bc6 26. a6 b6 27. Rxd8+ Qxd8
28. Qc1 Qf6 29. Qf4 Qxf4 30. gxf4 Ng6 31. g3 Bxe4 32. Bxg4 Rg8 33. Re1 Bf5 34.
Bxf5 exf5 35. Ne3 Ne7 36. Kf2 Rd8 37. Ke2 Rh8 38. Nd5 Nxd5 39. cxd5 Re8+ 40.
Kd2 Rxe1 41. Kxe1 0-1

[Event "Chip2004 - Open FIDE"]
[Site "Paris"]
[Date "2004.07.05"]
[Round "3"]
[White "Vuckovic, Bojan"]
[Black "Bergez, Luc"]
[Result "1-0"]
[WhiteElo "2533"]
[BlackElo "2376"]
[PlyCount "99"]
[EventDate "2004.07.03"]
[SourceDate "2004.07.04"]

1. e4 e5 2. Nf3 Nc6 3. d4 exd4 4. Nxd4 Bc5 5. Nxc6 Qf6 6. Qd2 dxc6 7. Nc3 Be6
8. Na4 Rd8 9. Bd3 Bd4 10. c3 Bxf2+ 11. Qxf2 Rxd3 12. Qxf6 Nxf6 13. Nc5 Rd8 14.
Nxb7 Rb8 15. Nc5 Rb5 16. b4 Nxe4 17. a4 Rxc5 18. bxc5 Bc4 19. Bf4 O-O 20. Bxc7
Re8 21. O-O-O Nf2 22. Rd4 Nxh1 23. Rxc4 Nf2 24. Bb6 a6 25. Kc2 Kf8 26. Rd4 Re3
27. Kb3 Ne4 28. Kb4 f5 29. Ka5 Rxc3 30. Kxa6 Nxc5+ 31. Bxc5+ Rxc5 32. Kb6 Rc2
33. a5 Ke7 34. a6 Rb2+ 35. Kxc6 Rxg2 36. a7 Ra2 37. Kb6 g5 38. Rd5 Rxa7 39.
Kxa7 Ke6 40. Rd8 f4 41. Kb6 Kf5 42. Kc5 Ke4 43. Kc4 g4 44. Re8+ Kf3 45. Kd3 h5
46. Rh8 h4 47. Rxh4 g3 48. Rh8 g2 49. Rg8 Kf2 50. Ke4 1-0

[Event "Chip2004 - Open FIDE"]
[Site "Paris"]
[Date "2004.07.05"]
[Round "3"]
[White "Glicenstein, Asher"]
[Black "Apicella, Manuel"]
[Result "0-1"]
[WhiteElo "2332"]
[BlackElo "2532"]
[PlyCount "123"]
[EventDate "2004.07.03"]
[SourceDate "2004.07.04"]

1. Nf3 Nf6 2. c4 g6 3. Nc3 Bg7 4. e4 d6 5. d4 O-O 6. Be2 e5 7. Be3 Na6 8. O-O
Ng4 9. Bg5 Qe8 10. dxe5 dxe5 11. h3 f6 12. Bd2 Nh6 13. c5 c6 14. Bxa6 bxa6 15.
Bxh6 Bxh6 16. Qa4 Rb8 17. b3 Rf7 18. Rad1 Bf8 19. Qa5 Be6 20. Ne1 Qc8 21. Na4
Qb7 22. Nd3 Qb5 23. Qe1 Rd7 24. Qe3 Rbd8 25. Ndb2 Rd4 26. Rxd4 Rxd4 27. Rc1 Qb4
28. Nd3 Qa3 29. Ra1 Bh6 30. Qf3 Kg7 31. Kh2 Bg5 32. g4 Bc4 33. Ne1 Bxb3 34. Nc2
Qxa4 35. axb3 Qb5 36. Nxd4 exd4 37. Rd1 Qxc5 38. Qd3 Bf4+ 39. Kg2 Be5 40. Qxa6
Qc2 41. Qd3 Qb2 42. Rd2 Qc1 43. Qc2 Qe1 44. Re2 Qb4 45. Qd3 a5 46. Ra2 Qe1 47.
Ra4 c5 48. Rc4 Bd6 49. Rc2 Qb1 50. Qc4 Qd1 51. Qe2 Qb1 52. Qd3 g5 53. Kf3 Qe1
54. Rd2 Bf4 55. Rd1 Qc3 56. Ke2 Qb2+ 57. Kf1 Qc3 58. Kg2 Qxd3 59. Rxd3 Kf7 60.
Rd1 Ke6 61. Ra1 Bd2 62. Kf3 0-1

[Event "Chip2004 - Open FIDE"]
[Site "Paris"]
[Date "2004.07.06"]
[Round "4"]
[White "Socko, Bartosz"]
[Black "Apicella, Manuel"]
[Result "1-0"]
[WhiteElo "2554"]
[BlackElo "2532"]
[PlyCount "101"]
[EventDate "2004.07.03"]
[SourceDate "2004.07.04"]

1. Nf3 d5 2. c4 e6 3. g3 c6 4. b3 f5 5. Bb2 Nf6 6. Bg2 Bd6 7. d3 O-O 8. Nbd2
Nbd7 9. O-O f4 10. d4 fxg3 11. hxg3 Qe8 12. e3 Ng4 13. e4 Qh5 14. e5 Bb4 15.
Re1 b6 16. Rc1 Ba6 17. Bc3 Ba3 18. Rc2 c5 19. Nh4 cxd4 20. Bxd4 Bc5 21. Bxc5
Nxc5 22. Bh3 Qf7 23. Ndf3 Nxf2 24. Rxf2 g5 25. Ng2 dxc4 26. Ne3 Nd3 27. Rff1
Nxe1 28. Nxe1 Qg7 29. Bxe6+ Kh8 30. Rxf8+ Rxf8 31. Qd6 cxb3 32. Bxb3 Re8 33.
Nf3 g4 34. Nf5 Qg6 35. N3d4 Qg5 36. Qf6+ Qxf6 37. exf6 Rf8 38. f7 Bc8 39. Nd6
Kg7 40. Be6 Ba6 41. Bxg4 Rxf7 42. Nxf7 Kxf7 43. Nc6 Kf6 44. Nxa7 Bc4 45. a3 Ke5
46. Nc8 b5 47. Na7 Kd6 48. Kf2 Kc5 49. Be2 Kb6 50. Nc8+ Ka5 51. Nd6 1-0

[Event "Chip2004 - Open FIDE"]
[Site "Paris"]
[Date "2004.07.06"]
[Round "4"]
[White "Degraeve, Jean-Marc"]
[Black "Vuckovic, Bojan"]
[Result "1-0"]
[WhiteElo "2530"]
[BlackElo "2533"]
[PlyCount "79"]
[EventDate "2004.07.03"]
[SourceDate "2004.07.04"]

1. e4 c5 2. Nf3 d6 3. d4 cxd4 4. Nxd4 Nf6 5. Nc3 Nc6 6. Bg5 e6 7. Qd2 a6 8.
O-O-O Bd7 9. Nxc6 Bxc6 10. Qe1 Qa5 11. f4 Be7 12. Bh4 Qc7 13. Bd3 O-O-O 14. Rf1
Kb8 15. Kb1 h6 16. h3 Rhg8 17. Bf2 d5 18. e5 Nd7 19. Bd4 Bc5 20. Qe3 Qb6 21.
Ne2 Bb5 22. f5 Rgf8 23. Rf4 Bxd3 24. cxd3 Rc8 25. Rdf1 Bxd4 26. Nxd4 Qc5 27. a3
Ka8 28. g4 f6 29. Qd2 fxe5 30. Nxe6 Qd6 31. Nxf8 exf4 32. Nxd7 Qxd7 33. Qxf4
Qb5 34. Qd4 a5 35. h4 Re8 36. g5 Re4 37. dxe4 Qxf1+ 38. Ka2 dxe4 39. Qd8+ Ka7
40. Qxa5+ 1-0

[Event "Chip2004 - Open A"]
[Site "Paris"]
[Date "2004.07.06"]
[Round "4"]
[White "Kerrigan, Kevin"]
[Black "Frayssinet, Franck"]
[Result "1/2-1/2"]
[WhiteElo "2137"]
[BlackElo "2037"]
[PlyCount "56"]
[EventDate "2004.07.03"]
[SourceDate "2004.07.04"]

1. b3 e5 2. Bb2 Nc6 3. e3 d5 4. Bb5 Bd6 5. c4 Nf6 6. Nf3 Qe7 7. c5 Bxc5 8. Nxe5
Bd7 9. Nxd7 Qxd7 10. Bxf6 gxf6 11. Qc2 Bb6 12. Bxc6 bxc6 13. d4 O-O-O 14. O-O
Rhg8 15. g3 f5 16. Rc1 Rg6 17. a4 a5 18. Qd3 Rdg8 19. b4 f4 20. exf4 Qd6 21.
bxa5 Qxf4 22. Rd1 Bxa5 23. Qa6+ Kd7 24. Qxa5 Rxg3+ 25. hxg3 Rxg3+ 26. Kf1 Rg1+
27. Kxg1 Qg4+ 28. Kh2 Qh4+ 1/2-1/2

[Event "Chip2004 - Open A"]
[Site "Paris"]
[Date "2004.07.06"]
[Round "4"]
[White "Metzger, Clement"]
[Black "Sauvetre, Alain"]
[Result "0-1"]
[WhiteElo "2159"]
[BlackElo "2075"]
[PlyCount "60"]
[EventDate "2004.07.03"]
[SourceDate "2004.07.04"]

1. e4 e6 2. d4 d5 3. Nc3 Bb4 4. e5 c5 5. Bd2 Ne7 6. Nb5 Bxd2+ 7. Qxd2 O-O 8.
dxc5 Nbc6 9. f4 b6 10. cxb6 Qxb6 11. O-O-O Rb8 12. c3 Ba6 13. Nd6 Bxf1 14. Rxf1
Qa6 15. Nf3 Qxa2 16. Qc2 Nc8 17. Nxc8 Rfxc8 18. Qb1 Qa4 19. Ng5 Nd4 20. Kd2
Nb3+ 21. Ke2 g6 22. h4 h6 23. Nxe6 d4 24. Qd3 dxc3 25. bxc3 Qc6 26. f5 fxe6 27.
f6 Kf7 28. h5 Rg8 29. Rh4 Qxg2+ 30. Rf2 Nc1+ 0-1

[Event "Chip2004 - Open A"]
[Site "Paris"]
[Date "2004.07.06"]
[Round "4"]
[White "Draoui, Najib"]
[Black "Matrand"]
[Result "1/2-1/2"]
[WhiteElo "2299"]
[BlackElo "2150"]
[PlyCount "114"]
[EventDate "2004.07.03"]
[SourceDate "2004.07.04"]

1. e4 c6 2. d4 d5 3. Nc3 dxe4 4. Nxe4 Nd7 5. Bc4 Ngf6 6. Ng5 e6 7. Qe2 Nb6 8.
Bb3 c5 9. N1f3 Be7 10. dxc5 Bxc5 11. Qb5+ Nbd7 12. Nxf7 Kxf7 13. Ng5+ Ke7 14.
Nxe6 Qb6 15. Qe2 Qb4+ 16. c3 Qe4 17. Qxe4 Nxe4 18. f3 Ndf6 19. Nxg7 Nf2 20. Bg5
Nxh1 21. Nh5 Be6 22. Bxf6+ Kf7 23. Bxe6+ Kxe6 24. Bxh8 Rxh8 25. Nf4+ Kf5 26.
Nd3 Bb6 27. Kf1 Re8 28. Re1 Rxe1+ 29. Kxe1 h5 30. g3 Bg1 31. Kf1 Bxh2 32. Kg2
Nxg3 33. Kxh2 Nf1+ 34. Kg2 Nd2 35. Kg3 b5 36. Ne1 a6 37. Ng2 Nf1+ 38. Kf2 Nd2
39. Ke2 Nc4 40. Ne3+ Nxe3 41. Kxe3 h4 42. b3 a5 43. c4 bxc4 44. bxc4 a4 45. a3
h3 46. Kf2 Ke5 47. Kg3 Kd4 48. c5 Kxc5 49. f4 Kc4 50. f5 Kd5 51. Kxh3 Ke5 52.
Kg4 Kf6 53. Kf4 Kf7 54. Ke5 Ke7 55. f6+ Kf7 56. Kf5 Kf8 57. Ke6 Ke8 1/2-1/2

[Event "Chip2004 - Open A"]
[Site "Paris"]
[Date "2004.07.06"]
[Round "4"]
[White "Rousset, Nicholas"]
[Black "Voicu, Carmen"]
[Result "0-1"]
[WhiteElo "2162"]
[BlackElo "2289"]
[PlyCount "64"]
[EventDate "2004.07.03"]
[SourceDate "2004.07.04"]

1. e4 c5 2. Nf3 e6 3. d4 cxd4 4. Nxd4 Nf6 5. Nc3 d6 6. Bc4 Be7 7. Bb3 Na6 8.
O-O Nc5 9. Qf3 O-O 10. Bg5 a6 11. Rfe1 Qc7 12. Qg3 Kh8 13. Rad1 b5 14. a3 Bb7
15. f3 Nxb3 16. Nxb3 Rfd8 17. Be3 Rac8 18. Qf2 Nd7 19. f4 Bf6 20. Nd4 Qc4 21.
Qg3 b4 22. axb4 Qxb4 23. Nde2 Bxe4 24. Rd4 Bxd4 25. Bxd4 Bg6 26. f5 exf5 27.
Nd5 Qd2 28. Ne7 Rxc2 29. Nxf5 Ne5 30. Qh4 f6 31. Be3 Qd3 32. Nf4 Qxf5 0-1

[Event "Chip2004 - Open A"]
[Site "Paris"]
[Date "2004.07.06"]
[Round "4"]
[White "Leuly, Max"]
[Black "Annenkov, K."]
[Result "1-0"]
[WhiteElo "2138"]
[BlackElo "2271"]
[PlyCount "78"]
[EventDate "2004.07.03"]
[SourceDate "2004.07.04"]

1. Nf3 Nf6 2. c4 c6 3. Nc3 d5 4. d4 dxc4 5. e3 b5 6. a4 b4 7. Na2 a5 8. Bxc4 e6
9. O-O Ba6 10. Bxa6 Nxa6 11. b3 Bd6 12. Bb2 O-O 13. Nc1 Qb6 14. Nd3 Rfd8 15.
Qe2 Ne4 16. Rac1 c5 17. Nde5 Bf8 18. Nc4 Qc7 19. Rfd1 cxd4 20. exd4 Nf6 21.
Nce5 Qb7 22. Ng5 Re8 23. Ngxf7 Qd5 24. Rd3 Re7 25. Ng5 Rc7 26. Rxc7 Nxc7 27.
Ngf3 Rd8 28. h3 g6 29. Nc4 Bh6 30. Qe5 Nfe8 31. Nxa5 Qa8 32. Nc4 Bg7 33. Qf4
Nd5 34. Qe4 Qa6 35. Ng5 Nec7 36. Nxh7 Ne8 37. Ng5 Nec7 38. Qxg6 Rd7 39. Rf3 e5
1-0

[Event "Chip2004 - Open A"]
[Site "Paris"]
[Date "2004.07.06"]
[Round "4"]
[White "Appleberry, Martin"]
[Black "Hedjazian, K."]
[Result "1/2-1/2"]
[WhiteElo "2250"]
[BlackElo "2080"]
[PlyCount "20"]
[EventDate "2004.07.03"]
[SourceDate "2004.07.04"]

1. Nf3 Nf6 2. c4 g6 3. b4 Bg7 4. Bb2 O-O 5. d3 d6 6. Nbd2 e5 7. e3 h6 8. Be2
Nh5 9. Ng1 Nf6 10. Ngf3 Nh5 1/2-1/2

[Event "Chip2004 - Open A"]
[Site "Paris"]
[Date "2004.07.06"]
[Round "4"]
[White "L'Henoret, Thierry"]
[Black "Jablonski, Noham"]
[Result "1-0"]
[WhiteElo "2094"]
[BlackElo "2249"]
[PlyCount "65"]
[EventDate "2004.07.03"]
[SourceDate "2004.07.04"]

1. d4 d5 2. Nf3 Nf6 3. e3 c5 4. dxc5 Qa5+ 5. Nbd2 Qxc5 6. c4 e6 7. b3 Be7 8.
Bb2 O-O 9. Bd3 Nc6 10. a3 a5 11. Rc1 Qd6 12. Qc2 h6 13. O-O Nd7 14. cxd5 exd5
15. Rfd1 Nde5 16. Nxe5 Nxe5 17. Nc4 Nxc4 18. bxc4 Be6 19. cxd5 Rfc8 20. Qb1
Bxd5 21. Rxc8+ Rxc8 22. Bf5 Rd8 23. Qa1 h5 24. e4 Bb3 25. Rxd6 Rxd6 26. Bd4 g6
27. Bh3 Rc6 28. g3 b5 29. Bd7 Rc2 30. Bxb5 Rd2 31. Qc3 Rd1+ 32. Kg2 Be6 33. Bc4
1-0

[Event "Chip2004 - Open FIDE"]
[Site "Paris"]
[Date "2004.07.07"]
[Round "5"]
[White "Degraeve, Jean-Marc"]
[Black "Socko, Bartosz"]
[Result "1/2-1/2"]
[WhiteElo "2530"]
[BlackElo "2554"]
[PlyCount "68"]
[EventDate "2004.07.03"]
[SourceDate "2004.07.04"]

1. e4 e6 2. d4 d5 3. Nd2 Nf6 4. e5 Nfd7 5. Ngf3 c5 6. c3 Nc6 7. Bd3 g6 8. h4
Qb6 9. h5 g5 10. Nxg5 cxd4 11. cxd4 Qxd4 12. Ndf3 Qb4+ 13. Bd2 Qxb2 14. Rb1
Qxa2 15. Nxh7 Be7 16. Nhg5 Ndxe5 17. Nxe5 Nxe5 18. Bb5+ Bd7 19. O-O Bxb5 20.
Rxb5 Qc4 21. Rxb7 Qg4 22. Qxg4 Nxg4 23. Rc1 Rxh5 24. Nxf7 Kxf7 25. Rcc7 Re8 26.
Bb4 Kg6 27. Rxe7 Rxe7 28. Rxe7 Re5 29. f3 Nf6 30. Bc3 Re3 31. Bd4 Rd3 32. Bxa7
Kf5 33. Bb8 Rb3 34. Bc7 Rb7 1/2-1/2

[Event "Chip2004 - Open FIDE"]
[Site "Paris"]
[Date "2004.07.07"]
[Round "5"]
[White "David, Alberto"]
[Black "Bagheri, Amir"]
[Result "1/2-1/2"]
[WhiteElo "2574"]
[BlackElo "2491"]
[PlyCount "124"]
[EventDate "2004.07.03"]
[SourceDate "2004.07.04"]

1. d4 Nf6 2. c4 e6 3. Nc3 d5 4. cxd5 Nxd5 5. e4 Nxc3 6. bxc3 c5 7. Nf3 cxd4 8.
cxd4 Bb4+ 9. Bd2 Bxd2+ 10. Qxd2 O-O 11. Bc4 Nd7 12. O-O b6 13. a4 Bb7 14. Bd3
f5 15. Ng5 Qf6 16. Bc4 Rae8 17. exf5 Qxf5 18. Bd3 Qf4 19. Bxh7+ Kh8 20. Qe3 Re7
21. Bg6 Qg4 22. g3 e5 23. Rad1 Nf6 24. f3 Qc8 25. dxe5 Nd5 26. Qd4 Qc5 27. Rfe1
Nc3 28. Re3 Ne2+ 29. Rxe2 Rd8 30. Qxc5 Rxd1+ 31. Kf2 bxc5 32. Rb2 c4 33. Nf7+
Kg8 34. Nd6 c3 35. Rxb7 Rxb7 36. Nxb7 c2 37. Bxc2 Rd2+ 38. Ke3 Rxc2 39. Kd4
Rxh2 40. g4 Rf2 41. Ke4 Rc2 42. Kd5 Rf2 43. Ke4 Rb2 44. Nc5 Rb4+ 45. Kd5 Rf4
46. Kd6 Kf7 47. a5 Rd4+ 48. Kc6 Ke7 49. a6 Rc4 50. Kd5 Rb4 51. Kc6 g6 52. Kc7
Rb5 53. Kc6 Rb6+ 54. Kc7 g5 55. Ne4 Ke6 56. Nxg5+ Kxe5 57. Nf7+ Kf4 58. g5 Rxa6
59. Kb7 Rg6 60. Kxa7 Rg7 61. g6 Rxg6 62. Nd8 Kxf3 1/2-1/2